[Event "Lugano Open-11"]
[Site "Lugano"]
[Date "1986.??.??"]
[Round "?"]
[White "Conquest, Stuart"]
[Black "Kortschnoj, Viktor Lvovich"]
[Result "0-1"]
[WhiteElo "2400"]
[BlackElo "2635"]
[PlyCount "72"]
[EventDate "1986.02.??"]
[EventType "swiss"]
[EventRounds "9"]
[EventCountry "SUI"]
[SourceTitle "EXT 1998"]
[Source "ChessBase"]
[SourceDate "1997.11.17"]
[SourceVersion "1"]
[SourceVersionDate "1997.11.17"]
[SourceQuality "1"]

1. d4 Nf6 2. c4 g6 3. Nc3 d5 4. Nf3 Bg7 5. cxd5 Nxd5 6. e4 Nxc3 7. bxc3 c5 8.
Rb1 O-O 9. Be2 cxd4 10. cxd4 Qa5+ 11. Bd2 Qxa2 12. O-O Qe6 13. Qc2 Qd7 14. d5
b6 15. Qa2 Qd8 16. Be3 Nd7 17. Nd4 Bb7 18. Nc6 Bxc6 19. dxc6 Nf6 20. f3 Qc7 21.
Rfc1 Nh5 22. Ba6 Rad8 23. Rb4 Nf4 24. Ra4 Ne6 25. Bf1 a5 26. Qf2 Nc5 27. Bxc5
Qxc6 28. Qa2 bxc5 29. Rxa5 Bh6 30. Rb1 Be3+ 31. Kh1 Qf6 32. Qe2 Qg5 33. Rb3 Bf4
34. Qf2 Rd2 35. Qxc5 Rd1 36. Qf2 Qxa5 0-1

[Event "Lugano Open-11"]
[Site "Lugano"]
[Date "1986.??.??"]
[Round "?"]
[White "Kortschnoj, Viktor Lvovich"]
[Black "Georgiev, Kiril"]
[Result "1-0"]
[WhiteElo "2635"]
[BlackElo "2545"]
[PlyCount "87"]
[EventDate "1986.02.??"]
[EventType "swiss"]
[EventRounds "9"]
[EventCountry "SUI"]
[SourceTitle "EXT 1998"]
[Source "ChessBase"]
[SourceDate "1997.11.17"]
[SourceVersion "1"]
[SourceVersionDate "1997.11.17"]
[SourceQuality "1"]

1. Nf3 Nf6 2. c4 e6 3. g3 d5 4. Bg2 Be7 5. O-O O-O 6. b3 b6 7. Bb2 Bb7 8. e3 c5
9. Qe2 Nc6 10. Rd1 Qc7 11. Nc3 dxc4 12. bxc4 a6 13. Rab1 Rab8 14. Ba1 Rfd8 15.
d3 Na7 16. d4 cxd4 17. exd4 b5 18. d5 exd5 19. cxd5 Nxd5 20. Nxd5 Rxd5 21. Re1
Bf8 22. Be5 Bd6 23. Bxd6 Qxd6 24. Nh4 g5 25. Rbd1 Rxd1 26. Rxd1 Qe6 27. Qd2 Qf6
28. Bxb7 Rxb7 29. Qd5 Rb8 30. Nf5 Nc6 31. Qe4 Qe6 32. Qg4 Kh8 33. Rd6 Ne5 34.
Qe4 Qe8 35. f4 gxf4 36. gxf4 Ng4 37. Qd4+ f6 38. Rxf6 Qe1+ 39. Kg2 Qe2+ 40. Kg3
Qxh2+ 41. Kxg4 Qg2+ 42. Ng3 h5+ 43. Kg5 Qxg3+ 44. Kh6 1-0

[Event "Lugano Open-11"]
[Site "Lugano"]
[Date "1986.??.??"]
[Round "?"]
[White "Kortschnoj, Viktor Lvovich"]
[Black "Seirawan, Yasser"]
[Result "1-0"]
[WhiteElo "2635"]
[BlackElo "2605"]
[PlyCount "111"]
[EventDate "1986.02.??"]
[EventType "swiss"]
[EventRounds "9"]
[EventCountry "SUI"]
[SourceTitle "CBM 001"]
[Source "ChessBase"]
[SourceDate "2004.01.01"]
[SourceVersion "1"]
[SourceVersionDate "2004.01.01"]
[SourceQuality "1"]

1. c4 e5 2. g3 Nc6 3. Bg2 g6 4. Nc3 Bg7 5. d3 d6 6. Rb1 f5 7. b4 Nf6 8. b5 Ne7
9. Qb3 h6 10. e3 O-O 11. Nge2 Kh7 12. a4 Rb8 13. Ba3 Be6 14. O-O g5 15. d4 Nd7
16. Rfd1 Bf7 17. dxe5 Nxe5 18. Nd5 Nxd5 19. cxd5 Bh5 20. Nd4 Bxd1 21. Rxd1 Rf7
22. Qc2 Qd7 23. Ne6 g4 24. e4 fxe4 25. Qxe4+ Kh8 26. Bb2 Qe7 27. Bxe5 dxe5 28.
Qxg4 Qf6 29. Qe2 Bf8 30. Be4 Bd6 31. h4 Rg8 32. h5 Rd7 33. Rd3 Rf7 34. Rf3 Qe7
35. Qe3 Rf6 36. Bg6 Rgxg6 37. hxg6 Rxg6 38. Rf8+ Kh7 39. Qe4 Qxf8 40. Nxf8+
Bxf8 41. Qxe5 Bd6 42. Qf5 b6 43. Kg2 Kg7 44. f4 Rf6 45. Qg4+ Kh7 46. Qd7+ Kg6
47. Qe8+ Kg7 48. Qa8 Rf7 49. Qxa7 Bb4 50. Qb8 Bc5 51. Qd8 Kh7 52. a5 bxa5 53.
b6 cxb6 54. d6 Rg7 55. d7 b5 56. Qc7 1-0

[Event "Biel"]
[Site "Biel"]
[Date "1986.07.21"]
[Round "2"]
[White "Hug, Werner"]
[Black "Kortschnoj, Viktor Lvovich"]
[Result "0-1"]
[WhiteElo "2455"]
[BlackElo "2650"]
[Annotator "Dolmatov,S"]
[PlyCount "80"]
[EventDate "1986.07.20"]
[EventType "tourn"]
[EventRounds "11"]
[EventCountry "SUI"]
[EventCategory "12"]
[SourceTitle "MCL"]
[Source "ChessBase"]
[SourceDate "1999.07.01"]
[SourceVersion "1"]
[SourceVersionDate "1999.07.01"]
[SourceQuality "1"]

1. e4 c5 2. Nc3 e6 3. g3 d5 4. d3 (4. exd5 exd5 5. Bg2 Nf6 6. Nge2 d4 7. Ne4
Nxe4 8. Bxe4 Nd7 9. d3 Nf6 $10 {Spassky,B-Kortschnoj,V/Belgrade m/1968/}) 4...
Nc6 5. exd5 exd5 6. Bg2 d4 7. Ne4 Nf6 8. Ne2 (8. Bg5 Be7 9. Bxf6 Bxf6 10. Nxc5
$2 Qa5+ $19) 8... Nxe4 9. Bxe4 Bd6 10. O-O (10. Bf4 $32 $10) 10... Bg4 11. Bg2
Qd7 12. f3 Bf5 13. g4 Be6 14. Nf4 Bxf4 15. Bxf4 h5 16. Qd2 O-O-O (16... hxg4
17. fxg4 Bxg4 18. Rae1+ Be6 19. Bg3 $44) 17. a3 f6 (17... hxg4 18. fxg4 Bxg4
19. b4 $132) 18. h3 (18. b4 c4 $17) 18... hxg4 19. fxg4 Bd5 20. Rae1 Rde8 21.
Rxe8+ Rxe8 22. Re1 Rxe1+ 23. Qxe1 Bxg2 24. Kxg2 Qd5+ 25. Kf2 Kd7 26. b3 $6 (26.
h4 $5 $15) 26... g5 27. Bg3 b5 28. Qe2 a5 29. Qf3 $2 (29. h4 $32 gxh4 30. Bxh4
$15) 29... Qxf3+ 30. Kxf3 a4 31. bxa4 (31. Ke4 $2 b4 $19) 31... bxa4 32. Ke4 $2
(32. Be1 Nb4 $19) (32. Ke2 $32 Na7 33. h4 gxh4 34. Bxh4 Ke6 35. g5 $15) 32...
Nb4 $1 $19 33. h4 (33. Bf2 Nxc2 34. Kd5 Nxa3 35. Kxc5 Nc2 36. Kc4 Ke6 $19)
33... gxh4 34. Bxh4 Ke6 35. g5 Nxc2 (35... fxg5 36. Bxg5 Nxc2 37. Bc1) 36. gxf6
Nxa3 37. f7 Kxf7 38. Kd5 Nc2 39. Kc4 Ne3+ 40. Kxc5 a3 0-1

[Event "Biel"]
[Site "Biel"]
[Date "1986.07.25"]
[Round "5"]
[White "Kortschnoj, Viktor Lvovich"]
[Black "Polugaevsky, Lev"]
[Result "1-0"]
[WhiteElo "2650"]
[BlackElo "2575"]
[Annotator "Dolmatov,S"]
[PlyCount "81"]
[EventDate "1986.07.20"]
[EventType "tourn"]
[EventRounds "11"]
[EventCountry "SUI"]
[EventCategory "12"]
[SourceTitle "MCL"]
[Source "ChessBase"]
[SourceDate "1999.07.01"]
[SourceVersion "1"]
[SourceVersionDate "1999.07.01"]
[SourceQuality "1"]

1. Nf3 c5 2. c4 Nf6 3. Nc3 e6 4. g3 b6 5. Bg2 Bb7 6. O-O d6 7. b3 Be7 8. d4
cxd4 9. Nxd4 Bxg2 10. Kxg2 Qc7 11. e4 a6 12. Bb2 Qb7 13. Re1 O-O 14. Qe2 Rc8 (
14... Nbd7 $5 15. f4 Rfe8 $10) 15. f4 Nc6 16. Nxc6 Qxc6 17. Rac1 Qb7 {Pb5} 18.
a4 Nd7 19. Kh3 Nc5 (19... Bf8 $10) 20. b4 Nb3 $1 (20... Nd7 $5 $132) 21. Rcd1
Qc7 $6 (21... Qc6 $5 22. Nd5 exd5 (22... Bf8 23. Nf6+ Kh8 $13) 23. exd5 Qd7+ (
23... Qxc4 24. Qxe7 Qc2 $15) 24. Kg2 Bf8 $17) 22. Na2 $1 Qc6 (22... Qxc4 23.
Qxc4 Rxc4 24. Rd3 $18) (22... b5 23. cxb5 axb5 24. a5 $5 (24. Qxb5 Qc2 $44)
24... Qc2 25. Rd3 $16) 23. f5 e5 $2 (23... Qxa4 $8 24. fxe6 Qxa2 25. exf7+ Kxf7
26. Qh5+ Kg8 27. Re2 Qa4 $13 28. Rf2 Qd7+ 29. Kg2 Qe6) 24. Nc3 Qxc4 25. Qg4 $44
f6 26. Nd5 Bd8 27. Re3 Qc2 28. Bc3 Rc6 $2 (28... Ra7 29. Qe2 Qxe2 30. Rxe2 $16)
29. Qh5 $18 Kf8 30. Red3 Rac8 (30... h6 31. Ne3 Qa2 32. Rxd6 Rxd6 33. Rxd6 $18)
31. Ne3 Qa2 32. Qxh7 Rxc3 33. Qh8+ Kf7 (33... Ke7 34. Rxc3 Rxc3 35. Nd5+ Kd7
36. Nxc3) 34. Rxc3 Rxc3 35. Qxd8 Qe2 (35... Rxe3 36. Rxd6) 36. Qd7+ Kg8 (36...
Kf8 $32 37. Qxd6+ Kg8 38. Qe6+ Kh7 39. Qe8 Nd4 40. Ng4 Qxd1 41. Qh5+ Kg8 42.
Nxf6+ gxf6 43. Qxd1 $18) 37. Qe8+ Kh7 38. Rxd6 Rc8 39. Qg6+ Kh8 40. Rd7 Rg8 41.
Ng4 1-0

[Event "Biel"]
[Site "Biel"]
[Date "1986.07.27"]
[Round "7"]
[White "Kortschnoj, Viktor Lvovich"]
[Black "Huebner, Robert"]
[Result "1-0"]
[WhiteElo "2650"]
[BlackElo "2620"]
[Annotator "Dolmatov,S"]
[PlyCount "87"]
[EventDate "1986.07.20"]
[EventType "tourn"]
[EventRounds "11"]
[EventCountry "SUI"]
[EventCategory "12"]
[SourceTitle "MCL"]
[Source "ChessBase"]
[SourceDate "1999.07.01"]
[SourceVersion "1"]
[SourceVersionDate "1999.07.01"]
[SourceQuality "1"]

1. Nf3 d5 2. c4 e6 3. d4 Nf6 4. Nc3 Be7 5. Bg5 O-O 6. e3 Nbd7 7. Rc1 c6 8. Bd3
dxc4 9. Bxc4 Nd5 10. Bxe7 Qxe7 11. Ne4 N5f6 12. Nxf6+ Qxf6 13. Bb3 (13. O-O e5
14. d5 e4 15. Nd2 Qg6 16. dxc6 bxc6 17. Be2 Nf6 18. Kh1 $14 {Farago,I-Campora,
D/Luzern/1985/}) 13... e5 14. O-O exd4 15. Qxd4 Qxd4 16. Nxd4 Rd8 (16... Nf6
17. Rfd1 Bd7 18. f3 $14) (16... Re8 17. Nf5 $14) 17. Rcd1 $5 (17. Rfd1 $6 Nf8)
17... Ne5 (17... Nc5 $2 18. Nxc6 $16) (17... Nf8 $2 18. Nxc6 Rxd1 19. Ne7+ $18)
18. f4 Ng6 19. h3 Bd7 20. Kf2 Kf8 $6 (20... c5 21. Nf3 Bb5 (21... Bc6 22. Ng5
Nh8 23. f5 h6 24. Nf3 Kf8 $10) 22. Rfe1 Bd3 $10) 21. Rd2 c5 22. Nf3 Be8 23.
Rfd1 Rxd2+ (23... Ke7 24. Rxd8 Rxd8 25. Rxd8 Kxd8 26. Ng5 Ke7 27. Nxh7 f6 28.
g4 Bf7 29. Bc2 $16) 24. Rxd2 Rc8 (24... f6 $32 $10) (24... Ke7 25. Ng5 h6 26.
Ne4 b6 27. Nd6 $16) 25. Ng5 (25. f5 Ne7 26. Bc2 f6 $10) 25... c4 (25... h6 26.
Ne4) 26. Bc2 Ke7 $6 (26... h6 27. Ne4 $14) 27. Nxh7 f6 28. Rd4 Bf7 29. Bf5 Rc5
(29... Rh8 30. Rd7+ Ke8 31. Nxf6+ gxf6 32. Rxb7 $16) 30. g4 Rb5 31. Rd7+ Ke8
32. Rd2 Ra5 33. a4 (33. a3 c3 34. bxc3 Rxa3 35. Rd7 $16) 33... a6 34. Kg3 Rxf5
$6 (34... b5 35. axb5 axb5 36. h4 $14) 35. gxf5 Ne7 36. e4 Bg8 37. Nxf6+ gxf6
38. Rd6 b5 39. axb5 axb5 40. Rb6 (40. Rxf6 b4 41. Rd6 c3 42. bxc3 bxc3 43. Rd3
c2 44. Rc3 Bb3 45. f6 $16) 40... Nc8 41. Rxb5 Nd6 42. Rb8+ Kf7 43. Kf3 Kg7 44.
Rb6 1-0

[Event "Biel"]
[Site "Biel"]
[Date "1986.07.31"]
[Round "10"]
[White "Kortschnoj, Viktor Lvovich"]
[Black "Hort, Vlastimil"]
[Result "1-0"]
[WhiteElo "2650"]
[BlackElo "2545"]
[Annotator "Dolmatov,S"]
[PlyCount "74"]
[EventDate "1986.07.20"]
[EventType "tourn"]
[EventRounds "11"]
[EventCountry "SUI"]
[EventCategory "12"]
[SourceTitle "MCL"]
[Source "ChessBase"]
[SourceDate "1999.07.01"]
[SourceVersion "1"]
[SourceVersionDate "1999.07.01"]
[SourceQuality "1"]

1. Nf3 d5 2. c4 d4 3. b4 g6 4. d3 (4. Bb2 Bg7 5. g3 e5 6. d3 a5 7. b5 b6 8. Bg2
Bb7 9. O-O Ne7 $10 {Smejkal,J-Spassky,B/Amsterdam/1973/}) 4... Bg7 5. g3 e5 6.
Bg2 Ne7 7. O-O O-O 8. Nbd2 Re8 (8... a5 9. b5 Nd7 10. a4 $14) 9. Nb3 Nd7 10. a4
Nf8 11. b5 Rb8 12. a5 b6 13. axb6 axb6 14. Ra7 h6 15. e3 $6 (15. Ne1 $5 Be6 16.
Nc2 Qd7 17. Nb4 $14) 15... dxe3 16. fxe3 Be6 17. Ra4 (17. Bb2 $2 e4 $15) (17.
Ne1 $2 Bxc4 $17) 17... c6 18. bxc6 Nxc6 $10 19. d4 (19. Nfd2 Qd7) 19... b5 (
19... exd4 $5 20. exd4 (20. Nbxd4 Na5 21. c5 (21. Bd2 Bd7 $15) (21. Nxe6 Nxe6
$15) 21... Bd7 $15) 20... b5 21. cxb5 Rxb5 $15) 20. cxb5 Rxb5 21. Nfd2 Na5 22.
Rxa5 Rxa5 23. Nxa5 Qxa5 24. Nb3 $6 (24. dxe5 $15) 24... Qa4 25. d5 (25. Nc5
Qxd1 26. Rxd1 Bg4 $19) 25... Bg4 26. Qc2 Rc8 27. Qb2 Bf5 (27... Rb8 28. Nc5 Qa7
29. Qa3 $1 $8 (29. Nb3 Qb6 $19) (29. Qc3 $2 Rc8 30. Ba3 (30. Qb4 Be2 31. Re1
Qxc5 $19) 30... Nd7 $17)) (27... Nd7 $5) 28. Nd2 Bd3 29. Qb7 Qd7 (29... Bxf1
30. Qxc8 Bxg2 31. Kxg2 e4 $10) 30. Qxd7 Nxd7 31. Re1 f5 $6 (31... Bf8 $5 32.
Be4 (32. Bf1 e4 (32... Nc5 $15) 33. Bxd3 exd3 $40) 32... Bxe4 33. Nxe4 f5 34.
Nf2 e4 $17) 32. e4 $8 Bf8 33. Bf1 Bc2 34. exf5 gxf5 35. Bh3 Bc5+ 36. Kg2 Bd3
37. Nf3 Bd6 $10 1-0

[Event "Jerusalem"]
[Site "Jerusalem"]
[Date "1986.??.??"]
[Round "?"]
[White "Benjamin, Joel"]
[Black "Kortschnoj, Viktor Lvovich"]
[Result "0-1"]
[WhiteElo "2540"]
[BlackElo "2650"]
[PlyCount "113"]
[EventDate "1986.11.??"]
[EventType "tourn"]
[EventRounds "11"]
[EventCountry "ISR"]
[EventCategory "11"]
[SourceTitle "MCL"]
[Source "ChessBase"]
[SourceDate "1999.07.01"]
[SourceVersion "1"]
[SourceVersionDate "1999.07.01"]
[SourceQuality "1"]

1. Nf3 Nf6 2. c4 e6 3. d4 b6 4. a3 Bb7 5. Nc3 d5 6. cxd5 Nxd5 7. Qc2 c5 8. dxc5
Bxc5 9. Bg5 f6 10. Bd2 O-O 11. e4 Nxc3 12. Bxc3 a5 13. Bc4 Qc8 14. Qe2 Ba6 15.
Bxa6 Qxa6 16. Qxa6 Nxa6 17. Ke2 e5 18. Rhd1 Rfd8 19. Rac1 a4 20. Bd2 Kf7 21.
Be3 Bxe3 22. Kxe3 Nc5 23. g3 g5 24. Rxd8 Rxd8 25. Nd2 Ke6 26. Rc2 g4 27. Nc4
Rd3+ 28. Ke2 Rb3 29. Nxb6 Rxb6 30. Rxc5 Rxb2+ 31. Kf1 Rb3 32. Rc6+ Ke7 33. Kg2
h5 34. h3 Rxa3 35. Ra6 Ra2 36. hxg4 hxg4 37. Kf1 a3 38. Kg2 Kd7 39. Kf1 Kc7 40.
Kg2 Kb7 41. Ra4 Kb6 42. Ra8 Kb5 43. Kf1 Kb4 44. Rb8+ Kc3 45. Ra8 Ra1+ 46. Ke2
a2 47. Ra6 Rb1 48. Rxa2 Rb2+ 49. Rxb2 Kxb2 50. f3 Kc3 51. fxg4 Kd4 52. Kf3 Kd3
53. Kf2 Kxe4 54. Ke2 Kd4 55. Kd2 e4 56. Ke2 e3 57. Kd1 0-1

[Event "Jerusalem"]
[Site "Jerusalem"]
[Date "1986.??.??"]
[Round "?"]
[White "Veinger, Itzhak"]
[Black "Kortschnoj, Viktor Lvovich"]
[Result "0-1"]
[WhiteElo "2415"]
[BlackElo "2650"]
[PlyCount "64"]
[EventDate "1986.11.??"]
[EventType "tourn"]
[EventRounds "11"]
[EventCountry "ISR"]
[EventCategory "11"]
[SourceTitle "MCL"]
[Source "ChessBase"]
[SourceDate "1999.07.01"]
[SourceVersion "1"]
[SourceVersionDate "1999.07.01"]
[SourceQuality "1"]

1. e4 e6 2. d4 d5 3. Nd2 c5 4. exd5 Qxd5 5. Ngf3 cxd4 6. Bd3 Nf6 7. O-O Nc6 8.
Nb3 e5 9. Re1 Bg4 10. Be2 Bb4 11. Bd2 Bxd2 12. Qxd2 O-O 13. Qg5 h6 14. Qh4 Bf5
15. c3 d3 16. Bf1 e4 17. Nfd2 Rfe8 18. Qf4 Re7 19. h3 g5 20. Qe3 Rae8 21. g4
Bg6 22. Bg2 h5 23. Qg3 hxg4 24. hxg4 Qe5 25. Qxe5 Nxe5 26. a4 Nexg4 27. a5 Nxf2
28. Kxf2 e3+ 29. Kf1 exd2 30. Nxd2 Re2 31. Nc4 Be4 32. Bxe4 R8xe4 0-1

[Event "Vienna op"]
[Site "Vienna"]
[Date "1986.??.??"]
[Round "?"]
[White "Kortschnoj, Viktor Lvovich"]
[Black "Borik, Otto"]
[Result "1-0"]
[WhiteElo "2635"]
[BlackElo "2365"]
[PlyCount "94"]
[EventDate "1986.11.??"]
[EventType "swiss"]
[EventRounds "9"]
[EventCountry "AUT"]
[SourceTitle "CBM 001"]
[Source "ChessBase"]
[SourceDate "2004.01.01"]
[SourceVersion "1"]
[SourceVersionDate "2004.01.01"]
[SourceQuality "1"]

1. d4 Nf6 2. c4 c5 3. d5 b5 4. cxb5 a6 5. bxa6 g6 6. Nc3 Bxa6 7. e4 Bxf1 8.
Kxf1 d6 9. g3 Bg7 10. Kg2 O-O 11. Nge2 Nbd7 12. Qc2 Ra6 13. a4 Qa8 14. Nb5 Qb7
15. Rd1 Rfa8 16. Nec3 c4 17. Be3 Nb6 18. Bxb6 Qxb6 19. Rd4 Rc8 20. Nd1 Ng4 21.
Rxc4 Rxc4 22. Qxc4 Qxf2+ 23. Nxf2 Ne3+ 24. Kf3 Nxc4 25. Nd3 Bxb2 26. Ra2 Ba3
27. Nc3 Ra5 28. Ke2 Bc5 29. Nxc5 Rxc5 30. Nd1 f5 31. Rc2 fxe4 32. Nf2 Nb6 33.
Rxc5 dxc5 34. a5 Nxd5 35. Nxe4 c4 36. Nd2 c3 37. Ne4 c2 38. Kd2 Nb4 39. Nc5 Kf7
40. a6 Nc6 41. Kxc2 Kf6 42. Kc3 Kf5 43. Kc4 e5 44. Kb5 Na7+ 45. Kb6 Nc8+ 46.
Kb7 Nd6+ 47. Kb8 Nb5 1-0

[Event "Vienna op"]
[Site "Vienna"]
[Date "1986.??.??"]
[Round "?"]
[White "Kortschnoj, Viktor Lvovich"]
[Black "Gheorghiu, Florin"]
[Result "1-0"]
[WhiteElo "2635"]
[BlackElo "2525"]
[PlyCount "45"]
[EventDate "1986.11.??"]
[EventType "swiss"]
[EventRounds "9"]
[EventCountry "AUT"]
[SourceTitle "CBM 001"]
[Source "ChessBase"]
[SourceDate "2004.01.01"]
[SourceVersion "1"]
[SourceVersionDate "2004.01.01"]
[SourceQuality "1"]

1. d4 Nf6 2. c4 c5 3. d5 d6 4. Nc3 g6 5. e4 Bg7 6. f4 O-O 7. Nf3 a6 8. Bd3 b5
9. e5 dxe5 10. fxe5 Ng4 11. Qe2 Nd7 12. Bf4 Qc7 13. O-O Ngxe5 14. Rae1 Nxf3+
15. Rxf3 Qb6 16. Qxe7 bxc4 17. Bxc4 Qxb2 18. Rb1 Qc2 19. Bb3 Qf5 20. Bd6 Qg4
21. Ne4 Ra7 22. Rbf1 Ne5 23. Nf6+ 1-0

[Event "OHRA-A"]
[Site "Brussels"]
[Date "1986.12.??"]
[Round "10"]
[White "Short, Nigel D"]
[Black "Kortschnoj, Viktor Lvovich"]
[Result "0-1"]
[WhiteElo "2615"]
[BlackElo "2650"]
[PlyCount "72"]
[EventDate "1986.12.??"]
[EventType "tourn"]
[EventRounds "10"]
[EventCountry "BEL"]
[EventCategory "16"]
[SourceTitle "CBM 001"]
[Source "ChessBase"]
[SourceDate "2004.01.01"]
[SourceVersion "1"]
[SourceVersionDate "2004.01.01"]
[SourceQuality "1"]

1. e4 e6 2. d4 d5 3. Nc3 Bb4 4. e5 c5 5. a3 Bxc3+ 6. bxc3 Ne7 7. Nf3 Qa5 8. Bd2
Nbc6 9. Be2 cxd4 10. cxd4 Qa4 11. Be3 b6 12. Qd3 Nb4 13. Qb5+ Qxb5 14. Bxb5+
Nbc6 15. Bd2 Bd7 16. Ba6 f6 17. exf6 gxf6 18. Bc3 h5 19. Nh4 Kf7 20. O-O Rag8
21. f4 Rg4 22. g3 Rxh4 23. gxh4 Nf5 24. Kf2 Ncxd4 25. Bxd4 Nxd4 26. c4 Nb3 27.
Rad1 Nc5 28. Bb5 Bxb5 29. cxb5 Kg6 30. Rg1+ Kf5 31. Ke3 Rc8 32. Rg7 Nb3 33. Rd3
d4+ 34. Kf3 Rc3 35. Rxc3 dxc3 36. Rc7 c2 0-1

[Event "FRA-chT"]
[Site "France"]
[Date "1987.??.??"]
[Round "?"]
[White "Kortschnoj, Viktor Lvovich"]
[Black "Sharif, Mershad"]
[Result "1-0"]
[WhiteElo "2625"]
[BlackElo "2440"]
[PlyCount "67"]
[EventDate "1987.??.??"]
[EventType "team"]
[EventRounds "11"]
[EventCountry "FRA"]
[SourceTitle "EXT 2004"]
[Source "ChessBase"]
[SourceDate "2003.11.25"]
[SourceVersion "1"]
[SourceVersionDate "2003.11.25"]
[SourceQuality "1"]

1. c4 Nf6 2. Nc3 e6 3. e4 d5 4. cxd5 exd5 5. e5 Ne4 6. Nf3 Nc6 7. Bb5 Bd7 8.
Nxd5 Nxe5 9. Qe2 Bxb5 10. Qxe4 Bd6 11. d4 Bc6 12. O-O Bxd5 13. Qxd5 Nxf3+ 14.
Qxf3 O-O 15. Qxb7 Qh4 16. g3 Qxd4 17. Be3 Qg4 18. Rfe1 a5 19. Qc6 Rab8 20. Rab1
h5 21. Bd2 h4 22. Bxa5 Ra8 23. b4 hxg3 24. hxg3 Qc8 25. Re4 Ra6 26. Qc2 Qf5 27.
Rbe1 c5 28. Qd3 Qc8 29. Rh4 g6 30. Qc3 f6 31. b5 Ra7 32. b6 Rg7 33. Qb3+ c4 34.
Rxc4 1-0

[Event "FRA-chT"]
[Site "France"]
[Date "1987.??.??"]
[Round "?"]
[White "Sharif, Mershad"]
[Black "Kortschnoj, Viktor Lvovich"]
[Result "0-1"]
[WhiteElo "2440"]
[BlackElo "2625"]
[PlyCount "86"]
[EventDate "1987.??.??"]
[EventType "team"]
[EventRounds "11"]
[EventCountry "FRA"]
[SourceTitle "EXT 2004"]
[Source "ChessBase"]
[SourceDate "2003.11.25"]
[SourceVersion "1"]
[SourceVersionDate "2003.11.25"]
[SourceQuality "1"]

1. e4 c6 2. d4 d5 3. Nd2 dxe4 4. Nxe4 Bf5 5. Ng3 Bg6 6. h4 h6 7. f4 e6 8. Nf3
Qa5+ 9. c3 Nd7 10. h5 Bh7 11. Bd3 Bxd3 12. Qxd3 Ngf6 13. b4 Qc7 14. O-O a5 15.
b5 Be7 16. bxc6 bxc6 17. Ne5 O-O 18. Qf3 Bd6 19. Nc4 a4 20. Nxd6 Qxd6 21. f5 e5
22. Ne4 Nxe4 23. Qxe4 Rfe8 24. Qh4 exd4 25. f6 dxc3 26. fxg7 Qc5+ 27. Qf2 Qxh5
28. Bxh6 Ne5 29. Bf4 Ng4 30. Qd4 Re6 31. Rfe1 Rf6 32. Rac1 Qd5 33. Red1 Rd8 34.
Qxd5 Rxd5 35. g3 Rxd1+ 36. Rxd1 Rf5 37. Rc1 Rc5 38. Kf1 Kxg7 39. Ke2 Kf6 40.
Kd3 Ne5+ 41. Bxe5+ Kxe5 42. Rxc3 Rxc3+ 43. Kxc3 c5 0-1

[Event "NED-chT"]
[Site "Netherlands"]
[Date "1987.??.??"]
[Round "?"]
[White "Kortschnoj, Viktor Lvovich"]
[Black "Rogers, Ian"]
[Result "1-0"]
[WhiteElo "2625"]
[BlackElo "2525"]
[PlyCount "85"]
[EventDate "1987.??.??"]
[EventType "team"]
[EventRounds "7"]
[EventCountry "NED"]
[SourceTitle "EXT 1997"]
[Source "ChessBase"]
[SourceDate "1996.11.15"]
[SourceVersion "1"]
[SourceVersionDate "1996.11.15"]
[SourceQuality "1"]

1. d4 Nf6 2. c4 e6 3. Nc3 d5 4. Bg5 Nbd7 5. e3 Bb4 6. cxd5 exd5 7. Bd3 h6 8.
Bh4 c5 9. Nge2 c4 10. Bc2 O-O 11. O-O Be7 12. b3 Re8 13. a4 Qa5 14. bxc4 dxc4
15. Qb1 a6 16. Qb2 b6 17. Rab1 Bb7 18. Bxf6 Bxf6 19. Qb4 Qg5 20. Ng3 Rac8 21.
Nce4 Be7 22. Qxb6 Bxe4 23. Nxe4 Nxb6 24. Nxg5 Nd5 25. Nf3 Ba3 26. Rb7 Rb8 27.
Rfb1 Rxb7 28. Rxb7 g6 29. Ne5 Nb4 30. Bb1 c3 31. Nxf7 c2 32. Nxh6+ Kh8 33. Bxc2
Nxc2 34. Nf7+ Kg8 35. Ne5 Re6 36. h4 a5 37. Rc7 Na1 38. Nc4 Bb4 39. d5 Re7 40.
Rxe7 Bxe7 41. Nxa5 Bxh4 42. Nb7 Nc2 43. d6 1-0

[Event "Reykjavik"]
[Site "Reykjavik"]
[Date "1987.??.??"]
[Round "3"]
[White "Timman, Jan H"]
[Black "Kortschnoj, Viktor Lvovich"]
[Result "0-1"]
[WhiteElo "2590"]
[BlackElo "2625"]
[PlyCount "148"]
[EventDate "1987.02.19"]
[EventType "tourn"]
[EventRounds "11"]
[EventCountry "ISL"]
[EventCategory "14"]
[SourceTitle "CBM 002"]
[Source "ChessBase"]
[SourceDate "1988.02.01"]
[SourceVersion "1"]
[SourceVersionDate "1988.02.01"]
[SourceQuality "1"]

1. e4 e5 2. Nf3 Nc6 3. Bb5 a6 4. Ba4 Nf6 5. O-O Nxe4 6. d4 b5 7. Bb3 d5 8. dxe5
Be6 9. Be3 Be7 10. c3 Qd7 11. Nbd2 Rd8 12. Nxe4 dxe4 13. Qxd7+ Bxd7 14. Ng5
Nxe5 15. Bd4 Bxg5 16. Bxe5 O-O 17. Bxc7 Rc8 18. Bb6 Rfe8 19. Rfe1 h5 20. Bd4
Bc6 21. Re2 Rcd8 22. h3 h4 23. a4 b4 24. Bc4 Bb7 25. Rae1 bxc3 26. Bxc3 Bf6 27.
Bxf6 gxf6 28. f3 Rd4 29. b3 f5 30. fxe4 Rexe4 31. Rxe4 fxe4 32. Kf2 Rd2+ 33.
Re2 Rxe2+ 34. Bxe2 a5 35. g4 f6 36. Ke3 Kf7 37. Bc4+ Ke7 38. Kd4 Kd6 39. Bb5 e3
40. Kxe3 Bg2 41. Kf4 Bxh3 42. g5 Ke7 43. gxf6+ Kxf6 44. Bc4 Bc8 45. Bd5 h3 46.
Bg8 Ke7 47. Kg3 Kd6 48. b4 axb4 49. Bb3 Kc5 50. Kh2 Kb6 51. Kg3 Ka5 52. Bc2 Be6
53. Kh2 Bd7 54. Bb3 Kb6 55. Kg3 Kc5 56. Kh2 Kd6 57. Kg3 Be6 58. Bc2 Kc5 59. Bd1
Kc4 60. Kh2 Kc3 61. a5 Bc8 62. Kg3 Kd4 63. Bb3 Kc5 64. Ba4 Be6 65. Kh2 Kd6 66.
Kg3 Kc7 67. Bc2 Kc6 68. Ba4+ Kb7 69. Bb5 b3 70. Bd3 b2 71. Kh2 Kc6 72. Kg3 Kc5
73. Kh2 Bc8 74. Kg3 Kb4 0-1

[Event "Reykjavik"]
[Site "Reykjavik"]
[Date "1987.??.??"]
[Round "6"]
[White "Kortschnoj, Viktor Lvovich"]
[Black "Polugaevsky, Lev"]
[Result "1-0"]
[WhiteElo "2625"]
[BlackElo "2585"]
[PlyCount "61"]
[EventDate "1987.02.19"]
[EventType "tourn"]
[EventRounds "11"]
[EventCountry "ISL"]
[EventCategory "14"]
[SourceTitle "CBM 002"]
[Source "ChessBase"]
[SourceDate "1988.02.01"]
[SourceVersion "1"]
[SourceVersionDate "1988.02.01"]
[SourceQuality "1"]

1. d4 Nf6 2. c4 e6 3. Nf3 b6 4. Nc3 Bb4 5. Qb3 c5 6. a3 Ba5 7. Bg5 Bb7 8. e3
Bxf3 9. gxf3 cxd4 10. exd4 Nc6 11. O-O-O Bxc3 12. Qxc3 Rc8 13. Kb1 Ne4 14. fxe4
Qxg5 15. c5 O-O 16. Ba6 Rb8 17. d5 exd5 18. exd5 Ne7 19. Rhg1 Qh6 20. c6 dxc6
21. dxc6 Nxc6 22. Rd6 g6 23. Rxc6 Qxh2 24. Qg3 Qh5 25. Bc4 Rb7 26. Qe3 b5 27.
Bb3 a5 28. Rg5 Qh1+ 29. Rc1 Qh2 30. Qe4 Rb6 31. Rg2 1-0